Dr Ambedkar and democracy: (Record no. 158791)

MARC details
000 -LEADER
fixed length control field 00688nam a22002057a 4500
005 - DATE AND TIME OF LATEST TRANSACTION
control field 20210510110057.0
010 ## - LCCN (DPL NO)
LC control number ENG-124514
020 ## - INTERNATIONAL STANDARD BOOK NUMBER
International Standard Book Number 9780199483167
Terms of availability 850.00
035 ## - SYSTEM CONTROL NUMBER
System control number EN-108046
037 ## - SOURCE OF ACQUISITION
Source of stock number/acquisition DBAD/PUB
082 ## - DEWEY DECIMAL CLASSIFICATION NUMBER
Classification number 320.954
245 ## - TITLE STATEMENT
Title Dr Ambedkar and democracy:
Statement of responsibility, etc ed. by Christophe Jaffrelot [and] Narender Kumar
Remainder of title an anthology/
260 ## - PUBLICATION, DISTRIBUTION, ETC. (IMPRINT)
Place of publication, distribution, etc New Delhi
Name of publisher, distributor, etc Oxford University Press
Date of publication, distribution, etc 2018
270 ## - ADDRESS
City New Delhi
Postal code 110002
Address 2/11 Ground Floor, Ansari Road, Daryaganj,
300 ## - PHYSICAL DESCRIPTION
Extent lvi,265p
Dimensions 22cm.(Hb)
500 ## - GENERAL NOTE
General note It includes index and about the editor
700 ## - ADDED ENTRY--PERSONAL NAME
Personal name Christophe Jaffrelot
700 ## - ADDED ENTRY--PERSONAL NAME
Personal name Narender Kumar
942 ## - ADDED ENTRY ELEMENTS (KOHA)
Source of classification or shelving scheme Dewey Decimal Classification
Item type English Books
Classification part 320.954
Call number suffix AMB
Holdings
Withdrawn status Lost status Not for loan Collection code Home library Current library Date acquired Source of acquisition Cost, normal purchase price Full call number Barcode Copy number Cost, replacement price Koha item type
    Not For Loan Non-fiction D.B.Act.Division Bawana 14/11/2018 DBAD/PUB 850.00 320.954 AMB EN-108046 1 850.00 English Books

© Delhi Public Library
Hit Counter
free hit counter